000 00636nam a2200133Ia 4500
008 150609s9999 xx 000 0 und d
050 _aQP 34.5
_b.B813 2015
100 _aBragais. Anthony G.
245 4 _aThe effectiveness of the fruit of capsicum frutescens (bird chili pepper) in inhibiting the growth of candida albicans /
_cAnthony G. Bragais, Juan Carlo M. Cham, carlo R. Divina, Denette Riezvy J. Ruga, Marianne Rae B. Trinidad .
260 _aLas PiƱas, Philippines :
_bSISC,
_c2015.
300 _a96 pages :
_bcolor illustrations ;
_c28 cm.
500 _aIncludes bibliographical references and appendices.
650 _aPepper
999 _c285023
_d285023